000 00736nam a2200265Ia 4500
001 dia_2506
003 CHAP
005 20251027152646.0
008 220117s1996 xx 000 0 und d
010 _a173028
020 _a968-452-956-2
040 _cCHAP
082 _a346.078 R6
100 _aRodriguez Rodriguez, Joaquin
_9153019
245 _aLey de Quiebras y Suspensión de Pagos /
_c por Joaquín Rodríguez Rodríguez
260 _aMéxico :
_b Porrua,
_c1996
300 _a432 p.
503 _aC/e
650 _a1.Quiebra
_9153020
650 _aDerecho mercantil
_931896
901 _a346.078 R6
902 _aM
905 _a0000001996 MX X 0000000000SPA00
942 _cLIBRO
_2ddc
999 _c173028
_d173028